000 00516nam a2200181Ia 4500
005 20250326125655.0
008 250326s9999 xx 000 0 und d
037 _aTextbook
040 _aFMSL
_beng
_cFMSL
041 _aeng
_2eng
084 _aX:979Dp K5
_qFMSL
100 _aIIC
_9735819
245 0 _aSeminar deliberations on grievance procedure & suggestion scheme
_cIIC
260 _aNew Delhi
_bNew Delhi, DPC
_c1965
300 _a37p
942 _cTB
_hX:979Dp K5
999 _c1279066
_d1279066